La protection legale des travailleurs / (Record no. 84190)

MARC details
000 -LEADER
campo de control de longitud fija 00631nam a2200205 i 4500
001 - NÚMERO DE CONTROL
campo de control 84190
003 - IDENTIFICADOR DE NÚMERO DE CONTROL
campo de control ES-MaACL
005 - FECHA Y HORA DE LA ÚLTIMA TRANSACCIÓN
campo de control 20230906174951.0
007 - CAMPO FIJO DE DESCRIPCIÓN FÍSICA--INFORMACIÓN GENERAL
campo de control de longitud fija t|
008 - DATOS DE LONGITUD FIJA--INFORMACIÓN GENERAL
campo de control de longitud fija 041122s1910 fr ||||1| fre d
100 1# - ENTRADA PRINCIPAL--NOMBRE DE PERSONA
Nombre de persona Jay, Raoul.
9 (RLIN) 66219
245 13 - MENCIÓN DEL TÍTULO
Título La protection legale des travailleurs /
Mención de responsabilidad, etc. Raoul Jay.
250 ## - MENCION DE EDICION
Mención de edición 2ª ed.
260 ## - PUBLICACIÓN, DISTRIBUCIÓN, ETC.
Lugar de publicación, distribución, etc. Paris :
Nombre del editor, distribuidor, etc. [s.n.,
Fecha de publicación, distribución, etc. 1910] (
Lugar de fabricación/manufactura Orleans :
Fabricante Imp. Orleanaise)
300 ## - DESCRIPCIÓN FÍSICA
Extensión VIII, 436 p. ;
Dimensiones 18 cm.
490 1# - MENCIÓN DE SERIE
Mención de serie Premiers elements de legislation ouvriere ;
Designación de volumen o secuencia 1
830 0# - PUNTO DE ACCESO ADICIONAL DE SERIE-TÍTULO UNIFORME
Título uniforme Premiers elements de legislation ouvriere ;
Designación de volumen o secuencia 1
9 (RLIN) 231657
852 ## - LOCALIZACIÓN
Ubicación ES-MaACL
Número de control de estantería F-430
Holdings
Estatus retirado Estado de pérdida Estado de daño No para préstamo Biblioteca de origen Biblioteca actual Ubicación en estantería Fecha de adquisición Fuente de adquisición Total de préstamos Signatura topográfica completa Código de barras Visto por última vez Precio de reemplazo Tipo de ítem Koha
        Biblioteca del Ateneo de Madrid Biblioteca del Ateneo de Madrid Depósito 2 17/01/2008     F-430 1087988 23/02/2023 23/02/2023 Libro impreso